000 00639nam a22002417a 4500
003 UA-OsUOA
001 51603
007 ta
008 20080117b un ||||| |||| 00| 0 ukr d
100 _aМаслова С. О.
700 _aОпалов О. А.
090 _a336.7(075.8)
_bМ31
942 _cBK
040 _aUA-OsUOA
_bukr
_cUA-OsUOA
_dUA-OsUOA
245 _aРинок фінансових послуг
_bНавчальний посібник
300 _a2006 с.
955 _a2
041 _aukr
080 _a336.7(075.8)
260 _aК.
_bКондор
_c2006
650 7 _a336 Фінанси
_2UDC
999 _c337692
_d337692